Piosenki Young Thug'a Sudden Death - Statystyki

Ogólne statystyki
  • Ten quiz został rozwiązany 8 razy
  • Średni wynik to 8 z 16
Answers on the Grid
Answers color-coded by a green-red scale on the quiz's grid according to % correct below.
Not Like Us
Yuck
Memo
Without Me
Deja Vu
OD
Can't Tell
Crazy Story
Take Kare
Earned It
Florida Water
Scared of You
Picture Baby
One Dance
2 Cups Stuffed
Jamaican Slang
10,000 Slimes
vice city
schizophrenia
I AM!
Big Tipper
man at the garden
Money On Money
SICKO MODE
The Real Slim Shady
Love Sosa
#TwitterSong
BAND4BAND
Nothing but Some Pain
your favorite dress
FE!N
The London
 
Statystyki odpowiedzi
Odpowiedź % Poprawnych
10,000 Slimes
71%
Money On Money
71%
The London
71%
Yuck
71%
Can't Tell
57%
Memo
57%
OD
57%
Scared of You
57%
Take Kare
57%
2 Cups Stuffed
43%
Big Tipper
43%
Nothing but Some Pain
43%
#TwitterSong
43%
Florida Water
29%
Jamaican Slang
29%
Picture Baby
29%
Nie znaleziono quizów pasujących do podanych kryteriów
Rozkład punktacji
Procent ludzi z każdym wynikiem
Percentyl według liczby udzielonych odpowiedzi
Twoja historia wyników
Nie rozwiązałeś tego quizu